Ciutats antigues de la Mediterrània / coordinació Marc Mayer, Isabel Rodà
Descripción Física:
373 p. : il. col. ; 32 cm
MARC
| LEADER | 00000nam a2200000Ia 4500 | ||
|---|---|---|---|
| 001 | 11782 | ||
| 008 | 160829s1997 xx 000 0 cat d | ||
| 080 | |a FOL-1-72 | ||
| 245 | |a Ciutats antigues de la Mediterrània / coordinació Marc Mayer, Isabel Rodà | ||
| 260 | |a Barcelona : |b Diputació de Barcelona : |b Lunwerg editores S.A., |c 1997 | ||
| 300 | |a 373 p. : |b il. col. ; |c 32 cm | ||
| 650 | |a Ciutats antigues |x Mediterrània (Regió) |9 33337 | ||
| 650 | |a Mediterrània (Regió) |x Arqueologia |9 33338 | ||
| 700 | |a Mayer, Marc, coord. |9 33339 | ||
| 700 | |a Rodà, Isabel, coord. |9 33340 | ||
| 710 | 1 | |a Barcelona (Catalunya : Província). |b Diputació |9 52408 | |
| 901 | |a Arxiu | ||
| 942 | |n 1 | ||
| 952 | |0 0 |1 0 |4 0 |6 FOL172 |7 1 |9 46271 |a Arxiu |b Arxiu |d 2016-12-01 |l 0 |o FOL-1-72 |p 11782 |r 2016-12-01 00:00:00 |w 2016-12-01 |y ARXIU | ||
| 999 | |c 49773 |d 49773 | ||